| 000 | 00542nam a22001697a 4500 | ||
|---|---|---|---|
| 008 | 230525b |||||||| |||| 00| 0 eng d | ||
| 020 | _a81-204-0881-0 | ||
| 040 |
_aNational Science Library _cNational Science Library |
||
| 080 |
_a551.71/.72+553.3/.9 _bN5 |
||
| 100 |
_aKazansky, V I _99880 |
||
| 245 | _aEvolution of ore-bearing precambrian structures | ||
| 260 |
_aNew Delhi: _bOxford & IBH Publishing Co. Pvt. Ltd., _c1993 |
||
| 300 | _aviii, 307p. | ||
| 490 |
_aIIUGS UNESCO project _v247 |
||
| 650 | _aScience | ||
| 942 |
_2udc _cBK |
||
| 999 |
_c34468 _d34468 |
||